000 00671nam a2200241 i 4500
001 C2-0155130
003 PPAK
005 20200903180600.0
008 980401s1979 caua|||| ||||| | eng d
020 _a0895350351
040 _aPPAK
_beng
_cPPAK
_erda
082 0 4 _a641.5
_223
090 0 0 _a641.5
_bPAT
_dR
090 2 0 _a641.5
_bPAT
_dG
100 1 _aPatten, Marguerite,
_eauthor
245 1 4 _aThe epicure's book of steak and beef dishes
264 1 _aLos Angeles :
_bThe Knapp Press ,
_c1979
300 _a168 pages :
_billustrations ;
_c26 cm
336 _2rdacontent
_atext
337 _2rdamedia
_aunmediated
338 _2rdacarrier
_avolume
942 _cB
_2ddc
999 _c47747
_d47747